The function of reason

Salvato in:
Dettagli Bibliografici
Autore principale: Whitehead, Alfred North
Natura: Libro
Lingua:Undetermined
Pubblicazione: Boston Beacon Press 1929
Soggetti:
Tags: Aggiungi Tag
Nessun Tag, puoi essere il primo ad aggiungerne! !
Thư viện lưu trữ: Trung tâm Học liệu Trường Đại học Cần Thơ
LEADER 00469nam a2200181Ia 4500
001 CTU_80799
008 210402s9999 xx 000 0 und d
082 |a 120 
082 |b W592 
100 |a Whitehead, Alfred North 
245 4 |a The function of reason 
245 0 |c Alfred North Whitehead 
260 |a Boston 
260 |b Beacon Press 
260 |c 1929 
650 |a Reason 
904 |i Trọng Hải 
980 |a Trung tâm Học liệu Trường Đại học Cần Thơ